Missing Word: Shared Classical Music/Literature Quiz Stats

 Plays Quiz Updated Apr 27, 2019

Score 0/20 Timer 03:00
0 Plays Today
Classical Composition Word % Correct
The Love for _____ Oranges (opera)
Prokofiev
Three
97.4%
Fanfare for the Common ___
Copland
Man
96%
The _____ Gate of Kiev
Mussorgsky
Great
95.5%
The Three-Cornered ___
de Falla
Hat
94.4%
____ Nelson Mass
Haydn
Lord
93.9%
William ____ Overture
Rossini
Tell
93.5%
______ Igor (opera)
Borodin
Prince
92.5%
______ Butterfly (opera)
Puccini
Madame
92.1%
The ____ Danube Waltz
Strauss
Blue
90.7%
A ___ Symphony (no. 1)
Vaughan Williams
Sea
89.6%
Classical Composition Word % Correct
_____ Music Suites
Handel
Water
82.6%
The _____ Person's Guide to the Orchestra
Britten
Young
80.4%
Wedding _____
Mendelssohn
March
79.6%
'_____ and the Maiden' String Quartet
Schubert
Death
77.5%
______ Goose Suite
Ravel
Mother
77.2%
'Symphony of a ________' (no. 8)
Mahler
Thousand
75%
The ____ of Tuonela
Sibelius
Swan
50%
Belshazzar's_____
Walton
Feast
48.2%
________ Symphony (no. 6)
Beethoven
Pastoral
34.9%
______ in Italy (symphony)
Berlioz
Harold
19.4%

Today's Daily Dose

Missing Word
1940s A-Z

Quick Pick
'S' Athletes

Get the Picture
Depp or Bonham Carter

You're not logged in!

Compare scores with friends on all Sporcle quizzes.
OR
Log In

Sporcle TV

Today on Sporcle TV


Watch our educational content, quiz creation guides, and fun videos on Sporcle TV.

Show Comments

Extras

Top Quizzes Today


Score Distribution

Your Account Isn't Verified!

In order to create a playlist on Sporcle, you need to verify the email address you used during registration. Go to your Sporcle Settings to finish the process.

Report this User

Report this user for behavior that violates our Community Guidelines.

Details: